[Event "Bretagne-ch U14"]
[Site "Ploermel"]
[Date "2007.02.14"]
[Round "2"]
[White "Peyre, Thomas"]
[Black "Lavanant, Maxime"]
[Result "0-1"]
[WhiteElo "1805"]
[BlackElo "1674"]
[PlyCount "103"]
[EventDate "2007.02.13"]
[EventType "tourn"]
[EventRounds "6"]
[EventCountry "FRA"]
[SourceTitle "EXT 2008"]
[Source "ChessBase"]
[SourceDate "2007.11.25"]
[SourceVersion "1"]
[SourceVersionDate "2007.11.25"]
[SourceQuality "1"]

1. e4 d5 2. exd5 Nf6 3. d4 Bg4 4. Nf3 Qxd5 5. Nc3 Qf5 6. Be2 Nc6 7. h3 Bxf3 8. Bxf3 0-0-0 9. Bxc6 bxc6 10. 0-0 e5 11. Qe2 exd4 12. Qa6+ Kd7 13. Rd1 Bd6 14. Rxd4 Qe5 15. Ne2 Rhe8 16. Be3 Nd5 17. Rc4 Ke7 18. Qxc6 Kf8 19. Ng3 Nxe3 20. Re4 Qg5 21. Rxe8+ Rxe8 22. Re1 Bxg3 23. fxg3 Qd5 24. Qxd5 Nxd5 25. Rd1 Nb6 26. Kf2 Ke7 27. Re1+ Kd7 28. Rd1+ Kc6 29. Rd4 Re6 30. Rg4 g6 31. Rh4 h5 32. Rf4 f5 33. g4 hxg4 34. hxg4 Re4 35. Rf3 Rxg4 36. Rc3+ Rc4 37. Rg3 Rg4 38. Rh3 a5 39. Rh6 Nd5 40. Rh3 a4 41. a3 Kb5 42. b3 axb3 43. cxb3 Rxg2+ 44. Kxg2 Nf4+ 45. Kg3 Nxh3 46. Kxh3 c5 47. Kh4 c4 48. a4+ Kb4 49. a5 Kxa5 50. bxc4 Kb4 51. Kg5 Kxc4 52. Kxg6 0-1

[Event "FRA-chT3 0405"]
[Site "France"]
[Date "2004.12.05"]
[Round "3.8"]
[White "Lavanant, Maxime"]
[Black "Le Bideau, Jean Yves"]
[Result "1-0"]
[WhiteElo "1610"]
[BlackElo "1499"]
[PlyCount "69"]
[EventDate "2004.10.10"]
[EventType "team-tourn"]
[EventRounds "9"]
[EventCountry "FRA"]
[SourceTitle "EXT 2007"]
[Source "ChessBase"]
[SourceDate "2006.11.23"]
[SourceVersion "1"]
[SourceVersionDate "2006.11.23"]
[SourceQuality "1"]

1. e4 c5 2. Nc3 d6 3. f4 Nf6 4. Nf3 Nc6 5. Bb5 Qc7 6. 0-0 e6 7. d3 Be7 8. Qe1 0-0 9. Bxc6 Qxc6 10. Ng5 h6 11. Nf3 a6 12. a4 b6 13. Qg3 c4 14. f5 Qc5+ 15. d4 Qc6 16. Bxh6 Nh5 17. Qg4 Kh7 18. Qxh5 gxh6 19. Nh4 exf5 20. Nxf5 Bg5 21. Nd5 f6 22. h4 Bd2 23. Nfe7 Qd7 24. Nxf6+ Rxf6 25. Rxf6 Qxe7 26. Rf7+ Qxf7 27. Qxf7+ Kh8 28. Qf6+ Kh7 29. Rf1 Be3+ 30. Kh1 Ra7 31. h5 Rg7 32. Qd8 Bb7 33. Rf8 Rg5 34. Rh8+ Kg7 35. Qf8# 1-0